The art and architecture of India : (Record no. 16278)
[ view plain ]
| 000 -LEADER | |
|---|---|
| fixed length control field | 00858cam a2200265 4500 |
| 001 - CONTROL NUMBER | |
| control field | 16278 |
| 003 - CONTROL NUMBER IDENTIFIER | |
| rucl marc code | BD-RjUL |
| 005 - DATE AND TIME OF LATEST TRANSACTION | |
| control field | 20211209000005.0 |
| 008 - FIXED-LENGTH DATA ELEMENTS--GENERAL INFORMATION | |
| fixed length control field | 140213s19711967mduaf b 001 0 eng |
| 035 ## - SYSTEM CONTROL NUMBER | |
| System control number | (BD-RjUL)16333 |
| 040 ## - CATALOGING SOURCE | |
| Original cataloging agency | DLC |
| Transcribing agency | DLC |
| Modifying agency | DLC |
| -- | BD-RjUL |
| Language of cataloging | eng |
| 041 ## - LANGUAGE CODE | |
| Language code of text/sound track or separate title | eng |
| 082 00 - DEWEY DECIMAL CLASSIFICATION NUMBER | |
| Classification number | 704.948940954 |
| Author mark and year | ROA 1967 |
| Edition number | 23 |
| 100 1# - MAIN ENTRY--PERSONAL NAME | |
| Personal name | Rowland, Benjamin, |
| Dates associated with a name | 1904-1972. |
| 9 (RLIN) | 50333 |
| 245 14 - TITLE STATEMENT | |
| Title | The art and architecture of India : |
| Remainder of title | Buddhist, Hindu, Jain / |
| Statement of responsibility, etc. | Benjamin Rowland. |
| 250 ## - EDITION STATEMENT | |
| Edition statement | [3d ed., rev.] |
| 260 ## - PUBLICATION, DISTRIBUTION, ETC. (IMPRINT) | |
| Place of publication, distribution, etc. | Baltimore : |
| Name of publisher, distributor, etc. | Penguin Books, |
| Date of publication, distribution, etc. | c1967. |
| 300 ## - PHYSICAL DESCRIPTION | |
| Pagination | xxi, 314 p., 216 p. of plates. : |
| Illustrations | illus. ; |
| Size | 27 cm. |
| 504 ## - BIBLIOGRAPHY, ETC. NOTE | |
| Bibliography, etc | Bibliography: p. 297-303 and index. |
| 650 #0 - SUBJECT ADDED ENTRY--TOPICAL TERM | |
| Topical term or geographic name as entry element | Art, Indic. |
| 9 (RLIN) | 50335 |
| Topical term or geographic name as entry element | Architecture, Indic. |
| 9 (RLIN) | 50336 |
| 942 ## - ADDED ENTRY ELEMENTS (KOHA) | |
| Source of classification or shelving scheme | Dewey Decimal Classification |
| Koha item type | Books |
| Lost status | Source of classification or shelving scheme | Damaged status | Not for loan | Collection code | Permanent Location | Current Location | Shelving location | Date acquired | Source of acquisition | Cost, normal purchase price | Total Checkouts | Full call number | Date last seen | Copy number | Koha item type |
|---|---|---|---|---|---|---|---|---|---|---|---|---|---|---|---|
| Dewey Decimal Classification | Non-fiction | Central Library, University of Rajshahi | Central Library, University of Rajshahi | 24/09/1968 | Zeitlinger | 118.00 | 704.948940954 ROA 1967 | 13/02/2014 | C-2 | Books |